Gaming Quiz

Random Gaming or Pokémon Quiz

5-Star Pokémon Elite Four & Champions Quiz Stats

 Plays Quiz not verified by Sporcle

Score 0/35 Timer 05:00
2 Plays Today
% Correct
Agatha
85%
Bruno
84.8%
Lance
81.9%
Blue
81.8%
Bruno II
76.3%
Lance II
76.3%
Lorelei
75.9%
Koga
75.3%
Cynthia
73.4%
Steven/Wallace
69.9%
Alder/Iris
69.9%
Hala
68.9%
Sun/Moon
67.6%
Drake
65.7%
Flint
65.3%
Diantha
65.3%
Kahili
64%
Aaron
63.7%
% Correct
Phoebe
63.2%
Acerola
63.2%
Karen
62.8%
Sidney
60.9%
Glacia
60.5%
Grimsley
60.1%
Caitlin
59.7%
Olivia
59.6%
Bertha
59%
Will
57.7%
Wikstrom
57%
Siebold
56.9%
Shauntal
56.8%
Malva
56.3%
Drasna
55.5%
Lucian
54.9%
Marshal
54.5%

You're not logged in!

Compare scores with friends on all Sporcle quizzes.
OR
Log In

You Might Also Like...

Show Comments

Extras

Top Quizzes Today


Score Distribution

Your Account Isn't Verified!

In order to create a playlist on Sporcle, you need to verify the email address you used during registration. Go to your Sporcle Settings to finish the process.

Report this User

Report this user for behavior that violates our Community Guidelines.

Details: